[Event "Otvoreno prvenstvo Paraæina za 2012. god"]
[Site "DCK - Paraæin"]
[Date "2012.01.28"]
[Round "8.12"]
[White "Vebel, Goran"]
[Black "Velikic, Vule"]
[Result "1-0"]
[WhiteElo "2123"]
[BlackElo "1828"]
[PlyCount "71"]
[EventDate "2012.01.20"]

1. d4 {[%emt 0:00:00]} Nf6 {[%emt 0:00:00]} 2. c4 {[%emt 0:00:00]} e6 {[%emt 0:
00:00]} 3. Nc3 {[%emt 0:00:00]} Bb4 {[%emt 0:00:00]} 4. a3 {[%emt 0:00:00]}
Bxc3+ {[%emt 0:00:00]} 5. bxc3 {[%emt 0:00:00]} O-O {[%emt 0:00:00]} 6. f3 {
[%emt 0:00:00]} d5 {[%emt 0:00:00]} 7. cxd5 {[%emt 0:00:00]} exd5 {[%emt 0:00:
00]} 8. e3 {[%emt 0:00:00]} b6 {[%emt 0:00:00]} 9. Bd3 {[%emt 0:00:00]} Ba6 {
[%emt 0:00:00]} 10. Bxa6 {[%emt 0:00:00]} Nxa6 {[%emt 0:00:00]} 11. Ne2 {[%emt
0:00:00]} c5 {[%emt 0:00:00]} 12. O-O {[%emt 0:00:00]} Nc7 {[%emt 0:00:00]} 13.
Ng3 {[%emt 0:00:00]} Re8 {[%emt 0:00:00]} 14. Qd3 {[%emt 0:00:00]} Qd7 {[%emt
0:00:00]} 15. a4 {[%emt 0:00:00]} Re6 {[%emt 0:00:00]} 16. a5 {[%emt 0:00:00]}
c4 {[%emt 0:00:00]} 17. Qc2 {[%emt 0:00:00]} b5 {[%emt 0:00:00]} 18. e4 {[%emt
0:00:00]} h6 {[%emt 0:00:00]} 19. e5 {[%emt 0:00:00]} Nh7 {[%emt 0:00:00]} 20.
f4 {[%emt 0:00:00]} Na6 {[%emt 0:00:00]} 21. f5 {[%emt 0:00:00]} Rc6 {[%emt 0:
00:00]} 22. f6 {[%emt 0:00:00]} b4 {[%emt 0:00:00]} 23. Nf5 {[%emt 0:00:00]}
gxf6 {[%emt 0:00:00]} 24. cxb4 {[%emt 0:00:00]} Nxb4 {[%emt 0:00:00]} 25. Qd2 {
[%emt 0:00:00]} Kh8 {[%emt 0:00:00]} 26. Qxb4 {[%emt 0:00:00]} fxe5 {[%emt 0:
00:00]} 27. Nxh6 {[%emt 0:00:00]} Rf8 {[%emt 0:00:00]} 28. dxe5 {[%emt 0:00:00]
} Rg6 {[%emt 0:00:00]} 29. Qc3 {[%emt 0:00:00]} d4 {[%emt 0:00:00]} 30. Qxc4 {
[%emt 0:00:00]} Qh3 {[%emt 0:00:00]} 31. Qd5 {[%emt 0:00:00]} Qc3 {[%emt 0:00:
00]} 32. Bf4 {[%emt 0:00:00]} Ng5 {[%emt 0:00:00]} 33. Bxg5 {[%emt 0:00:00]}
Rxg5 {[%emt 0:00:00]} 34. Nxf7+ {[%emt 0:00:00]} Rxf7 {[%emt 0:00:00]} 35. Qxf7
{[%emt 0:00:00]} Rg7 {[%emt 0:00:00]} 36. Qh5+ {[%emt 0:00:00]} 1-0

[Event "Otvoreno prvenstvo Paraæina za 2012. god"]
[Site "DCK - Paraæin"]
[Date "2012.01.28"]
[Round "8.13"]
[White "Djuretanovic, Ivan"]
[Black "Lazic, Milan B"]
[Result "1-0"]
[WhiteElo "2063"]
[BlackElo "2098"]
[PlyCount "41"]
[EventDate "2012.01.20"]

1. e4 {[%emt 0:00:00]} c5 {[%emt 0:00:00]} 2. Nf3 {[%emt 0:00:00]} Nc6 {[%emt
0:00:00]} 3. c3 {[%emt 0:00:00]} d5 {[%emt 0:00:00]} 4. exd5 {[%emt 0:00:00]}
Qxd5 {[%emt 0:00:00]} 5. d4 {[%emt 0:00:00]} e5 {[%emt 0:00:00]} 6. dxe5 {
[%emt 0:00:00]} Qxd1+ {[%emt 0:00:00]} 7. Kxd1 {[%emt 0:00:00]} Bg4 {[%emt 0:
00:00]} 8. Bf4 {[%emt 0:00:00]} Nge7 {[%emt 0:00:00]} 9. Be2 {[%emt 0:00:00]}
Ng6 {[%emt 0:00:00]} 10. Bg3 {[%emt 0:00:00]} O-O-O+ {[%emt 0:00:00]} 11. Nbd2
{[%emt 0:00:00]} Be7 {[%emt 0:00:00]} 12. Kc2 {[%emt 0:00:00]} Rhe8 {[%emt 0:
00:00]} 13. Rae1 {[%emt 0:00:00]} h5 {[%emt 0:00:00]} 14. h4 {[%emt 0:00:00]}
a6 {[%emt 0:00:00]} 15. Nc4 {[%emt 0:00:00]} Bf5+ {[%emt 0:00:00]} 16. Kc1 {
[%emt 0:00:00]} b5 {[%emt 0:00:00]} 17. Nd6+ {[%emt 0:00:00]} Bxd6 {[%emt 0:00:
00]} 18. exd6 {[%emt 0:00:00]} f6 {[%emt 0:00:00]} 19. Bd1 {[%emt 0:00:00]} Bg4
{[%emt 0:00:00]} 20. Bc2 {[%emt 0:00:00]} Bxf3 {[%emt 0:00:00]} 21. d7+ {[%emt
0:00:00]} 1-0

[Event "Otvoreno prvenstvo Paraæina za 2012. god"]
[Site "DCK - Paraæin"]
[Date "2012.01.28"]
[Round "8.14"]
[White "Ristic, Dejan D"]
[Black "Radovic, Luka"]
[Result "0-1"]
[WhiteElo "1850"]
[BlackElo "1969"]
[PlyCount "126"]
[EventDate "2012.01.20"]

1. d4 {[%emt 0:00:00]} Nf6 {[%emt 0:00:00]} 2. c4 c5 3. d5 b5 4. cxb5 a6 5. b6
Qxb6 6. Nc3 g6 7. e4 d6 8. Bd3 Bg7 9. Nge2 O-O 10. O-O Nbd7 11. b3 a5 12. Na4
Qa7 13. Bb2 Ba6 14. Rc1 Nb6 15. Nxb6 Qxb6 16. Bxa6 Rxa6 17. Qc2 a4 18. bxa4 Qb4
19. Nc3 Nxe4 20. a3 Qb7 21. Rb1 Nxc3 22. Bxc3 Qxd5 23. Bxg7 Kxg7 24. Rb5 Qf5
25. Qe2 Ra7 26. Rd1 Qe6 27. Qc2 Rfa8 28. a5 Qf5 29. Qb3 Qf6 30. Qa4 Qc3 31. Qe4
Kf8 32. h4 Rxa5 33. Rd3 Qa1+ 34. Kh2 Qe5+ 35. Qxe5 dxe5 36. Rxa5 Rxa5 37. Kg1
e6 38. Kf1 Ke7 39. Ke2 f5 40. Kd2 Ra4 41. Kc2 Rxh4 42. Kc3 Ra4 43. Kb2 Rd4 44.
Rh3 h5 45. Kb3 e4 46. Rh1 Rd3+ 47. Ka4 Kd6 48. Rb1 f4 49. Rb6+ Kd5 50. Rb1 g5
51. Ra1 Kc4 52. Ka5 h4 53. a4 Rb3 54. Ka6 g4 55. a5 e3 56. fxe3 fxe3 57. Ka7 h3
58. gxh3 gxh3 59. a6 e2 60. Ka8 Rg3 61. a7 Rg8+ 62. Kb7 Rg7+ 63. Kb6 Rxa7 0-1